000 00975nam a22002537a 4500
005 20170124103056.0
010 _aA-886499
020 _c100.00
035 _aA-886499
037 _bCen Lib/Ret
040 _aDPL
_bHN
082 _a
_bभट्टह
100 _aभट्ट, हरिदत्त
_974826
245 _aइक्कीस कहानियां /
_cहरिदत्त भट्ट
246 _aIkkees kahaniyan /
_bby Haridutt Bhatt
260 _aदिल्ली
_bसुनील साहित्य सदन
_c1997
270 _bदिल्ली
_aए-101, उत्तरी घोंडा
_e110053
300 _a136पृ.
_c20सेमी(सजिल्द)
650 _aहिन्दी साहित्य
_974827
650 _aहिन्दी -- कहानियाँ
_974828
650 _aHindi literature
_974829
650 _aHindi -- Stories
_974830
942 _2ddc
_cHN
_h
_mभट्टह
999 _c117480
_d117480